000 00468nam a2200157Ia 4500
003 OSt
005 20200729145746.0
008 190216s9999||||xx |||||||||||||| ||und||
040 _coclc
082 _a512.02
_bNAR/F
100 _aNarayan, Shanti
_93723
245 0 _aA First Course in Abstract Algebra /
_cShanti Narayan ; Nilima
260 _bS Chand & Co,
_c1968.
_aDelhi:
300 _a248p
942 _cBK
_2ddc
_h512.02
_iNAR/F
_k512.02
_mNAR/F
999 _c30637
_d30637